<?xml version="1.0" encoding="UTF-8"?>
<record
    xmlns:xsi="http://www.w3.org/2001/XMLSchema-instance"
    xsi:schemaLocation="http://www.loc.gov/MARC21/slim http://www.loc.gov/standards/marcxml/schema/MARC21slim.xsd"
    xmlns="http://www.loc.gov/MARC21/slim">

  <leader>01324nam0a2200325   4500</leader>
  <controlfield tag="001">RU\NLR\BIBL_A\011398329</controlfield>
  <controlfield tag="005">20260406120532.0</controlfield>
  <datafield tag="010" ind1=" " ind2=" ">
    <subfield code="a">978-5-9908159-7-1</subfield>
    <subfield code="9">300</subfield>
  </datafield>
  <datafield tag="021" ind1=" " ind2=" ">
    <subfield code="a">RU</subfield>
    <subfield code="b">2017-15631</subfield>
    <subfield code="9">1158</subfield>
  </datafield>
  <datafield tag="035" ind1=" " ind2=" ">
    <subfield code="a">(NLR Aleph) 011398329</subfield>
  </datafield>
  <datafield tag="090" ind1=" " ind2=" ">
    <subfield code="a">11493037</subfield>
    <subfield code="c">11493037</subfield>
  </datafield>
  <datafield tag="100" ind1=" " ind2=" ">
    <subfield code="a">20170602d2016    |||y0rusy50      ca</subfield>
  </datafield>
  <datafield tag="101" ind1="0" ind2=" ">
    <subfield code="a">crh</subfield>
    <subfield code="c">rus</subfield>
  </datafield>
  <datafield tag="102" ind1=" " ind2=" ">
    <subfield code="a">RU</subfield>
  </datafield>
  <datafield tag="105" ind1=" " ind2=" ">
    <subfield code="a">a   z   000 y</subfield>
  </datafield>
  <datafield tag="200" ind1="1" ind2=" ">
    <subfield code="a">Bal&#x44C;qc&#x44C; ve bal&#x44C;c&#x44C;q haqq&#x44C;nda masal</subfield>
    <subfield code="f">A. S. Pu&#x15F;kin</subfield>
    <subfield code="g">resimleri ressam A. Varfolomejevnin</subfield>
    <subfield code="g">&#x43A;&#x44A;&#x44B;&#x440;&#x44B;&#x43C;&#x442;&#x430;&#x442;&#x430;&#x440; &#x442;&#x438;&#x43B;&#x438;&#x43D;&#x435; &#x442;&#x435;&#x440;&#x434;&#x436;&#x438;&#x43C;&#x435; &#x41E;. &#x410;&#x43C;&#x438;&#x442;</subfield>
  </datafield>
  <datafield tag="205" ind1=" " ind2=" ">
    <subfield code="a">&#x444;&#x430;&#x43A;&#x441;. &#x438;&#x437;&#x434;.</subfield>
  </datafield>
  <datafield tag="210" ind1=" " ind2=" ">
    <subfield code="a">&#x421;&#x438;&#x43C;&#x444;&#x435;&#x440;&#x43E;&#x43F;&#x43E;&#x43B;&#x44C;</subfield>
    <subfield code="c">&#x418;. &#x413;&#x430;&#x441;&#x43F;&#x440;&#x438;&#x43D;&#x441;&#x43A;&#x438;&#x439; &#x430;&#x434;&#x44B;&#x43D;&#x430; &#x41C;&#x435;&#x434;&#x438;&#x430;&#x43C;&#x435;&#x440;&#x43A;&#x435;&#x437;</subfield>
    <subfield code="d">2016</subfield>
  </datafield>
  <datafield tag="215" ind1=" " ind2=" ">
    <subfield code="a">16 &#x441;.</subfield>
    <subfield code="c">&#x446;&#x432;. &#x438;&#x43B;.</subfield>
    <subfield code="d">30</subfield>
  </datafield>
  <datafield tag="300" ind1=" " ind2=" ">
    <subfield code="a">&#x424;&#x430;&#x43A;&#x441;. &#x432;&#x43E;&#x441;&#x43F;&#x440;&#x43E;&#x438;&#x437;&#x432;&#x435;&#x434;&#x435;&#x43D;&#x438;&#x435; &#x438;&#x437;&#x434;. 1937 &#x433;.</subfield>
  </datafield>
  <datafield tag="300" ind1=" " ind2=" ">
    <subfield code="a">&#x41B;&#x430;&#x442;&#x438;&#x43D;. &#x433;&#x440;&#x430;&#x444;&#x438;&#x43A;&#x430;.</subfield>
  </datafield>
  <datafield tag="541" ind1="1" ind2=" ">
    <subfield code="a">&#x421;&#x43A;&#x430;&#x437;&#x43A;&#x430; &#x43E; &#x440;&#x44B;&#x431;&#x430;&#x43A;&#x435; &#x438; &#x440;&#x44B;&#x431;&#x43A;&#x435;</subfield>
    <subfield code="z">rus</subfield>
  </datafield>
  <datafield tag="686" ind1="1" ind2=" ">
    <subfield code="a">&#x428;9(2)672=&#x41A;.-&#x442;&#x430;&#x442;.(&#x420;)-5</subfield>
  </datafield>
  <datafield tag="700" ind1=" " ind2="1">
    <subfield code="4">070</subfield>
    <subfield code="8">rus</subfield>
    <subfield code="7">ca</subfield>
    <subfield code="a">&#x41F;&#x443;&#x448;&#x43A;&#x438;&#x43D;</subfield>
    <subfield code="b">&#x410;. &#x421;.</subfield>
    <subfield code="c">&#x43F;&#x43E;&#x44D;&#x442;</subfield>
    <subfield code="f">1799-1837</subfield>
    <subfield code="g">&#x410;&#x43B;&#x435;&#x43A;&#x441;&#x430;&#x43D;&#x434;&#x440; &#x421;&#x435;&#x440;&#x433;&#x435;&#x435;&#x432;&#x438;&#x447;</subfield>
    <subfield code="3">RU\NLR\AUTH\77386</subfield>
    <subfield code="9">110441</subfield>
  </datafield>
  <datafield tag="702" ind1=" " ind2="1">
    <subfield code="a">&#x410;&#x43C;&#x438;&#x442;</subfield>
    <subfield code="b">&#x41E;.</subfield>
    <subfield code="f">1910-1942</subfield>
    <subfield code="g">&#x41E;&#x441;&#x43C;&#x430;&#x43D;</subfield>
    <subfield code="4">730</subfield>
  </datafield>
  <datafield tag="702" ind1=" " ind2="1">
    <subfield code="a">&#x412;&#x430;&#x440;&#x444;&#x43E;&#x43B;&#x43E;&#x43C;&#x435;&#x435;&#x432;</subfield>
    <subfield code="b">&#x410;.</subfield>
    <subfield code="4">440</subfield>
  </datafield>
  <datafield tag="852" ind1=" " ind2=" ">
    <subfield code="a">NLR</subfield>
    <subfield code="b">&#x41E;&#x41D;&#x41B;</subfield>
    <subfield code="j">&#x41A;.-&#x442;&#x430;&#x442;./5-18</subfield>
  </datafield>
  <datafield tag="942" ind1=" " ind2=" ">
    <subfield code="c">BOOK</subfield>
  </datafield>
  <datafield tag="980" ind1=" " ind2=" ">
    <subfield code="a">NB</subfield>
  </datafield>
  <datafield tag="995" ind1=" " ind2=" ">
    <subfield code="5">2017-06-02</subfield>
    <subfield code="a">ad</subfield>
    <subfield code="b">NLR01</subfield>
    <subfield code="c">NLR01</subfield>
    <subfield code="e">ONL</subfield>
    <subfield code="f">1-1434217</subfield>
    <subfield code="k">&#x41E;&#x41D;&#x41B; &#x41A;.-&#x442;&#x430;&#x442;./5-18</subfield>
    <subfield code="o">4</subfield>
    <subfield code="r">BOOK</subfield>
    <subfield code="s">_518</subfield>
  </datafield>
</record>
